| 000 | 00787cam a2200241 a 4500 | ||
|---|---|---|---|
| 001 | 468 | ||
| 005 | 20250327111342.0 | ||
| 020 | _a0060256656 (trade) | ||
| 040 |
_aDLC _cDLC _beng _dFISKH |
||
| 050 | 0 | 0 |
_aPZ7.S588 _bGi 2003 |
| 082 | 0 | 0 |
_a813.54 _222 |
| 100 | 1 | _aSilverstein, Shel. | |
| 245 | 1 | 4 |
_aThe giving tree / _cby Shel Silverstein. |
| 260 |
_aNewYork : _bHarperCollinsPublishers, _c2003. |
||
| 300 |
_a28 leaves of plates: _billustrations ; _c27 cm. |
||
| 505 | _aH | ||
| 520 | _aA young boy grows to manhood and old age experiencing the love and generosity of a tree which gives to him without thought of return. | ||
| 521 |
_a530
_bLexile |
||
| 521 |
_aH
_bRaz-Plus |
||
| 650 | 1 |
_aTrees _vFiction. |
|
| 906 |
_a7 _bcbc _corigcop _d2 _encip _f20 _gy-gencatlg |
||
| 942 |
_2ddc _cBK _n0 |
||
| 999 |
_c468 _d468 |
||